000 00783nam a2200217 a 4500
008
049 _aMAIN
090 _aQC21.2
100 1 _aYavorsky, B. M.
245 1 0 _aFundamentals of physics.
_n volume 1. motion and forces, conservation laws, molecular-kinetic theory of gases, molecular forces and states of aggregation of matter and electrodynamics/
_cB.M.Yavorsky and A. A. Pinsky.
260 _aMoscow :
_bMIR Publishers,
_c1987
300 _a542 p. :
_bill. ;
_c22cm.
500 _aTranslated from the Russian by Nicholas Weinstein.
500 _aIncludes index.
700 _aPinsky A. A.
907 _a.b10131371
_b17-01-06
_c26-07-04
003
005 20230123133800.0
040 _cNUST
942 _cBOOKS
_kQC21.2
999 _c154548
_d154548